Christianity and world religions. (Record no. 7391)

MARC details
000 -LEADER
fixed length control field 00642cam a22002411i 4500
001 - CONTROL NUMBER
control field 6104142
003 - CONTROL NUMBER IDENTIFIER
control field GBCCL
005 - DATE AND TIME OF LATEST TRANSACTION
control field 20241126110627.0
008 - FIXED-LENGTH DATA ELEMENTS--GENERAL INFORMATION
fixed length control field 790524s1963 tnu 000 0 eng
010 ## -
-- 63008378
035 ## - SYSTEM CONTROL NUMBER
System control number (OCoLC)4997640
040 ## - CATALOGING SOURCE
Original cataloging agency DLC
Transcribing agency OkAdE
Modifying agency DLC
042 ## -
-- premarc
050 00 -
-- BL80.2
-- .C6
082 ## - DEWEY DECIMAL CLASSIFICATION NUMBER
Classification number 261.2
Item number COP
100 1# - MAIN ENTRY--PERSONAL NAME
Personal name Copeland, Edwin Luther.
9 (RLIN) 13079
245 10 - TITLE STATEMENT
Title Christianity and world religions.
260 ## - PUBLICATION, DISTRIBUTION, ETC.
Place of publication, distribution, etc. Nashville,
Name of publisher, distributor, etc. Convention Press
Date of publication, distribution, etc. [1963]
300 ## - PHYSICAL DESCRIPTION
Extent 152 p.
Dimensions 19 cm.
650 #0 - SUBJECT ADDED ENTRY--TOPICAL TERM
Topical term or geographic name entry element Religions.
9 (RLIN) 261
906 ## - LOCAL DATA ELEMENT F, LDF (RLIN)
a 7
b cbc
c oclcrpl
d u
e ncip
f 19
g y-gencatlg
942 ## - ADDED ENTRY ELEMENTS (KOHA)
Source of classification or shelving scheme Dewey Decimal Classification
Koha item type Books
Koha issues (borrowed), all copies 13
Holdings
Withdrawn status Lost status Source of classification or shelving scheme Damaged status Not for loan Home library Current Library Shelving location Date acquired Total checkouts Full call number Barcode Date last seen Date last checked out Copy number Price effective from Koha item type
    Dewey Decimal Classification     GRACE BIBLE COLLEGE GRACE BIBLE COLLEGE Ministry & Mission 2018-08-06 2 261.2 COP 001909 2025-05-01 2022-12-01 c.1 2018-08-06 Books
    Dewey Decimal Classification     GRACE BIBLE COLLEGE GRACE BIBLE COLLEGE Ministry & Mission 2018-08-06 5 261.2 COP 001955 2025-05-01 2023-03-20 c.2 2018-08-06 Books
    Dewey Decimal Classification     GRACE BIBLE COLLEGE GRACE BIBLE COLLEGE Ministry & Mission 2018-08-06 3 261.2 COP 001977 2025-05-01 2023-08-09 c.3 2018-08-06 Books
    Dewey Decimal Classification     GRACE BIBLE COLLEGE GRACE BIBLE COLLEGE Ministry & Mission 2018-08-06 3 261.2 COP 002230 2025-05-01 2023-08-07 c.4 2018-08-06 Books
© Grace Bible College Library 2025